Metamorphosis/ (Record no. 196056)

MARC details
000 -LEADER
fixed length control field 00494nam a22001817a 4500
008 - FIXED-LENGTH DATA ELEMENTS--GENERAL INFORMATION
fixed length control field 20230523
010 ## - LCCN (DPL NO)
LC control number ENG-136991
020 ## - INTERNATIONAL STANDARD BOOK NUMBER
International Standard Book Number 9789390746477
Terms of availability 250.00
035 ## - SYSTEM CONTROL NUMBER
System control number EN-120523
037 ## - SOURCE OF ACQUISITION
Source of stock number/acquisition DBAD / PUB
082 ## - DEWEY DECIMAL CLASSIFICATION NUMBER
Classification number 881
100 ## - MAIN ENTRY--PERSONAL NAME
Personal name Nagar, Tanvi
245 ## - TITLE STATEMENT
Title Metamorphosis/
Statement of responsibility, etc Tanvi Nagar
260 ## - PUBLICATION, DISTRIBUTION, ETC. (IMPRINT)
Place of publication, distribution, etc Kolkata
Name of publisher, distributor, etc Exceller Book
Date of publication, distribution, etc 2021
270 ## - ADDRESS
Address Dream Apartment,Degree collage road
City kolkata
Postal code 700056
300 ## - PHYSICAL DESCRIPTION
Extent 129p.;
Dimensions 21cm(pbk)
942 ## - ADDED ENTRY ELEMENTS (KOHA)
Source of classification or shelving scheme Dewey Decimal Classification
Item type English Books
Call number suffix NAG
Classification part 881
Holdings
Withdrawn status Lost status Source of classification or shelving scheme Damaged status Not for loan Collection code Home library Current library Date acquired Source of acquisition Cost, normal purchase price Total Checkouts Full call number Barcode Date last seen Copy number Cost, replacement price Koha item type
    Dewey Decimal Classification     Non-fiction Ashok Vihar Ashok Vihar 23/05/2023 DBAD/PUB 250.00   881 NAG EN-120523 23/05/2023 1 250.00 English Books

© Delhi Public Library
Hit Counter
free hit counter